Introduction to classical mechanics. (Record no. 161887)
[ view plain ]
| 000 -LEADER | |
|---|---|
| fixed length control field | 00601nam a2200229Ia 4500 |
| 003 - CONTROL NUMBER IDENTIFIER | |
| control field | OSt |
| 005 - DATE AND TIME OF LATEST TRANSACTION | |
| control field | 20250423123404.0 |
| 008 - FIXED-LENGTH DATA ELEMENTS--GENERAL INFORMATION | |
| fixed length control field | 210423s2012 xx 000 0 und d |
| 020 ## - INTERNATIONAL STANDARD BOOK NUMBER | |
| International Standard Book Number | 9780070966178 |
| 040 ## - CATALOGING SOURCE | |
| Transcribing agency | AL |
| 041 ## - LANGUAGE CODE | |
| Language code of text/sound track or separate title | eng |
| 082 ## - DEWEY DECIMAL CLASSIFICATION NUMBER | |
| Classification number | 531 |
| Edition number | 23 |
| Item number | TAKI |
| 100 ## - MAIN ENTRY--PERSONAL NAME | |
| Personal name | Takwale R G |
| 9 (RLIN) | 94558 |
| 245 ## - TITLE STATEMENT | |
| Title | Introduction to classical mechanics. |
| 260 ## - PUBLICATION, DISTRIBUTION, ETC. | |
| Place of publication, distribution, etc. | New Delhi |
| Name of publisher, distributor, etc. | Tata McGraw-hill |
| Date of publication, distribution, etc. | 2012 |
| 300 ## - PHYSICAL DESCRIPTION | |
| Extent | ix,425 |
| Other physical details | PB |
| 365 ## - TRADE PRICE | |
| Price amount | 390 |
| Currency code | INR |
| 650 ## - SUBJECT ADDED ENTRY--TOPICAL TERM | |
| Topical term or geographic name entry element | Classical Mechanics |
| 9 (RLIN) | 94559 |
| 700 ## - ADDED ENTRY--PERSONAL NAME | |
| Personal name | Puranik P S |
| 9 (RLIN) | 208690 |
| 906 ## - LOCAL DATA ELEMENT F, LDF (RLIN) | |
| a | classical ; Introduction ; mechanics. |
| 942 ## - ADDED ENTRY ELEMENTS (KOHA) | |
| Source of classification or shelving scheme | Dewey Decimal Classification |
| Koha item type | Book |
| Withdrawn status | Lost status | Source of classification or shelving scheme | Damaged status | Not for loan | Collection code | Home library | Current library | Date acquired | Source of acquisition | Cost, normal purchase price | Total Checkouts | Full call number | Barcode | Date last seen | Date last checked out | Price effective from | Koha item type | Total Renewals |
|---|---|---|---|---|---|---|---|---|---|---|---|---|---|---|---|---|---|---|
| Dewey Decimal Classification | Physics | St Aloysius PG Library | St Aloysius PG Library | 06/28/2012 | Athulya Books | 390.00 | 1 | 531 TAKR | PG008380 | 11/29/2023 | 10/21/2023 | 04/26/2021 | Book | |||||
| Dewey Decimal Classification | Physics | St Aloysius PG Library | St Aloysius PG Library | 06/28/2012 | Athulya Books | 390.00 | 1 | 531 TAKI | PG008381 | 11/09/2023 | 10/30/2023 | 04/26/2021 | Book | |||||
| Dewey Decimal Classification | Physics | St Aloysius PG Library | St Aloysius PG Library | 06/28/2012 | Athulya Books | 390.00 | 2 | 531 TAKI | PG008382 | 11/09/2023 | 10/30/2023 | 04/26/2021 | Book | |||||
| Physics | St Aloysius PG Library | St Aloysius PG Library | 09/06/2012 | Higginbothams Pvt Ltd | 390.00 | 531 TAKR | PG008501 | 08/24/2022 | 04/26/2021 | Reference | ||||||||
| Physics | St Aloysius PG Library | St Aloysius PG Library | 09/06/2012 | Higginbothams Pvt Ltd | 390.00 | 2 | 531 TAKR | PG008502 | 11/27/2023 | 11/11/2023 | 04/26/2021 | Book | ||||||
| Dewey Decimal Classification | Physics | St Aloysius PG Library | St Aloysius PG Library | 09/06/2012 | Higginbothams Pvt Ltd | 390.00 | 1 | 531 TAKI | PG008503 | 11/09/2023 | 10/21/2023 | 04/26/2021 | Book | 1 | ||||
| Physics | St Aloysius PG Library | St Aloysius PG Library | 09/06/2012 | Higginbothams Pvt Ltd | 390.00 | 3 | 531 TAKR | PG008504 | 04/01/2024 | 03/21/2024 | 04/26/2021 | Book | ||||||
| Physics | St Aloysius PG Library | St Aloysius PG Library | 09/06/2012 | Higginbothams Pvt Ltd | 390.00 | 2 | 531 TAKR | PG008505 | 11/21/2023 | 11/09/2023 | 04/26/2021 | Book |